EDUCATION EXPECTATIONS ROLES AND BEHAVIOURAL APPROACH (Record no. 20346)

MARC details
000 -LEADER
fixed length control field 00384nam a22001577a 4500
003 - CONTROL NUMBER IDENTIFIER
control field OSt
005 - DATE AND TIME OF LATEST TRANSACTION
control field 20211126103553.0
008 - FIXED-LENGTH DATA ELEMENTS--GENERAL INFORMATION
fixed length control field 211126b |||||||| |||| 00| 0 eng d
020 ## - INTERNATIONAL STANDARD BOOK NUMBER
International Standard Book Number 8171692249
040 ## - CATALOGING SOURCE
Transcribing agency HU
100 ## - MAIN ENTRY--PERSONAL NAME
Personal name V.K RAO
9 (RLIN) 20754
245 ## - TITLE STATEMENT
Title EDUCATION EXPECTATIONS ROLES AND BEHAVIOURAL APPROACH
260 ## - PUBLICATION, DISTRIBUTION, ETC.
Place of publication, distribution, etc. DELHI
Name of publisher, distributor, etc. HALL
Date of publication, distribution, etc. 2009
300 ## - PHYSICAL DESCRIPTION
Extent 340
942 ## - ADDED ENTRY ELEMENTS (KOHA)
Source of classification or shelving scheme Dewey Decimal Classification
Koha item type Books like text book referance book
Suppress in OPAC No
Holdings
Withdrawn status Lost status Source of classification or shelving scheme Damaged status Not for loan Home library Current library Shelving location Date acquired Total Checkouts Full call number Barcode Date last seen Copy number Price effective from Koha item type
    Dewey Decimal Classification     Social Library Social Library General Stacks 11/26/2021   370/EDU SHLIB 00003197 11/26/2021 1 11/26/2021 Books like text book referance book
    Dewey Decimal Classification     Social Library Social Library General Stacks 12/06/2021   370/EDU SHLIB 00013257 12/06/2021 C2 12/06/2021 Books like text book referance book